Fluss anhand der Stadt erkennen #1 - Statistiken

Allgemein
  • Dieses Quiz wurde 172 mal gespielt
  • Das Durchschnittsergebnis liegt bei 13 aus 24
Antwortstatistiken
Stadt Fluss % Korrekt
Düsseldorf Rhein
95%
Budapest Donau
94%
Kairo Nil
94%
Hamburg Elbe
93%
Frankfurt Main
92%
Paris Seine
88%
London Themse
73%
New Orleans Mississippi
71%
New York City Hudson
70%
Rom Tiber
69%
Bagdad Tigris
55%
Kinshasa Kongo
53%
Warschau Weichsel
49%
Lissabon Tejo
43%
Phnom Penh Mekong
40%
Kyiv Dnipro
39%
Shanghai Jangtsekiang
36%
Buenos Aires Río de la Plata
29%
Varanasi Ganges
25%
Cincinnati Ohio
23%
Washington D.C. Potomac
21%
Montreal Sankt Lorenz
15%
Cambridge, England Cam
11%
Seoul Hangang
5%
Keine übereinstimmenden Quizze gefunden
Verteilung der Resultate
Anzahl Personen mit jedem Resultat
Perzentil nach korrekt beantworteten Fragen
Ihre Resultats-Entwicklung
Sie haben dieses Quiz noch nicht gespielt